| 000 | 00665nam a2200217 u 4500 | ||
|---|---|---|---|
| 005 | 20241012064118.0 | ||
| 008 | 170208s2010 es r 000 0 spa d | ||
| 020 | _a9788492750153 | ||
| 035 | _aUPN01000215869 | ||
| 049 | _aI | ||
| 050 | 4 |
_aQA95 _bS2.3 |
|
| 100 | 1 |
_aScarry, Richard _940148 |
|
| 245 | 1 | 3 |
_aEl gran libro de los números contemos del 1 al 100 / _ctextos e il. Richard Scarry. |
| 260 |
_aEspaña : _bKókinos, _c2010. |
||
| 300 |
_a45 p. : _bprincipalmente il. col. |
||
| 650 | 4 |
_aRECREACIONES MATEMATICAS - _vLITERATURA INFANTIL _921623 |
|
| 650 | 4 |
_aJuegos educativos _93952 |
|
| 905 | _aInfantil | ||
| 999 |
_c187969 _d187969 |
||